Kolíska mäsových plemien hovädzieho dobytka na výstave Sommet de l'elevage sa prezentovalo 1 800 zvierat a prišlo si ju pozrieť 70 000 návštevníkov z celého sveta

Bibliographic Details
Main Author: Darnadiová, Oľga (Author)
Format: Article
Language:Slovak
PhysicalDescription:Fotogr.
ISSN:1335-1990
Subjects:

MARC

LEADER 00000nab a2200000 a 4500
001 vtls010036685
003 SK-MaSNL
005 20260304183934.0
008 250708c2009 xo |||||||||||000 b|slo
015 |a SNBRB2010/01  |2 snkbucl 
035 |a urn:nbn:sk:snk-ab89ue 
035 |a (urnnbn)urn:nbn:sk:snk:ar-006uom 
035 |a (uuid)fa959d33-5a0a-41de-a19a-61802c8d8e1e 
038 |a SNKBUCL 
040 |a SNKBUCL  |b slo  |c SNKBUCL  |e AACR2 
041 0 |a slo 
044 |a xo  |c SK 
080 |a 636.242  |2 1997 
080 |a 636:061.43  |x (100)  |2 1997 
100 1 |a Darnadiová, Oľga  |4 aut  |9 1162519 
245 1 0 |a Kolíska mäsových plemien hovädzieho dobytka  |b na výstave Sommet de l'elevage sa prezentovalo 1 800 zvierat a prišlo si ju pozrieť 70 000 návštevníkov z celého sveta  |c Oľga Darnadiová 
300 |b Fotogr. 
611 2 7 |a Sommet de l`Elevage  |d (2009 :  |c Clermont-Ferrand, Francúzsko)  |2 snkbucl  |9 1516647 
650 0 7 |a hospodárske zvieratá  |2 snkbucl  |9 1097 
650 0 7 |a poľnohospodárska technika  |2 snkbucl  |9 681 
650 0 7 |a technológia  |2 snkbucl  |9 66619 
650 0 7 |a živočíšna výroba  |2 snkbucl  |9 2836 
650 0 7 |a hovädzí dobytok  |2 snkbucl  |9 2818 
650 0 7 |a plemená zvierat  |2 snkbucl  |9 4381 
773 0 |t Slovenský chov  |g Roč. XIV, č. 12 (2009), s. 14-15  |x 1335-1990 
850 |a Slovenská národná knižnica 
852 |a Slovenská národná knižnica 
954 |a odborná, vedecká literatúra pôvodná (slovenská)  |2 lita 
958 |a article9 
958 |a OND 
958 |a FR 
958 |a EUIPO 
999 |c 3036244  |d 3038174